Derecho de marcas en la comunidad andina : (Registro nro. 173660)
[ vista simple ]
| 000 -LEADER | |
|---|---|
| fixed length control field | 01145nam a22003491i 4500 |
| 001 - CONTROL NUMBER | |
| control field | bslw10111350 |
| 006 - FIXED-LENGTH DATA ELEMENTS--ADDITIONAL MATERIAL CHARACTERISTICS--GENERAL INFORMATION | |
| fixed length control field | m o d |
| 007 - PHYSICAL DESCRIPTION FIXED FIELD--GENERAL INFORMATION | |
| fixed length control field | cr un ---uuuua |
| 008 - FIXED-LENGTH DATA ELEMENTS--GENERAL INFORMATION | |
| fixed length control field | 231219s2022 ck ob 001 0 spa d |
| 020 ## - INTERNATIONAL STANDARD BOOK NUMBER | |
| International Standard Book Number | 9789587914481 |
| 035 ## - | |
| -- | 42186 |
| 035 ## - | |
| -- | 42188 |
| 040 ## - CATALOGING SOURCE | |
| Original cataloging agency | UtOrBLW |
| Language of cataloging | eng |
| Description conventions | rda |
| Transcribing agency | UtOrBLW |
| 043 ## - | |
| -- | sn----- |
| 050 #4 - | |
| -- | KH419 |
| -- | .L46 2022 |
| 082 04 - | |
| -- | 344.0468 |
| -- | 23 |
| 100 1# - MAIN ENTRY--PERSONAL NAME | |
| Personal name | León Duarte, Gustavo Adolfo, |
| Relator term | author. |
| 245 10 - TITLE STATEMENT | |
| Title | Derecho de marcas en la comunidad andina : |
| Remainder of title | análisis y comentarios / |
| Statement of responsibility, etc | Gustavo León y León Durán. |
| 250 ## - | |
| -- | 2a ed. |
| 264 #1 - | |
| -- | Bogotá, D.C. : |
| -- | Grupo Editorial Ibañez, |
| -- | 2022. |
| 300 ## - PHYSICAL DESCRIPTION | |
| Extent | 1 online resource (2 tomes) |
| 336 ## - | |
| -- | text |
| -- | txt |
| -- | rdacontent |
| 337 ## - | |
| -- | computer |
| -- | c |
| -- | rdamedia |
| 338 ## - | |
| -- | online resource |
| -- | cr |
| -- | rdacarrier |
| 504 ## - BIBLIOGRAPHY, ETC. NOTE | |
| Bibliography, etc | Includes bibliographical references and index. |
| 650 #0 - SUBJECT ADDED ENTRY--TOPICAL TERM | |
| Topical term or geographic name as entry element | Trademarks |
| General subdivision | Law and legislation |
| Geographic subdivision | Andes Region. |
| 700 1# - ADDED ENTRY--PERSONAL NAME | |
| Personal name | Durán, León, |
| Relator term | author. |
| 856 40 - LOCALIZACIÓN Y ACCESO ELECTRÓNICO | |
| Identificador Uniforme del Recurso (URI/URL) | https://app.vlex.com/#/sources/42186 |
| 856 40 - LOCALIZACIÓN Y ACCESO ELECTRÓNICO | |
| Identificador Uniforme del Recurso (URI/URL) | https://app.vlex.com/#/sources/42188 |
| 942 ## - | |
| -- | RAA |
| 999 ## - | |
| -- | 173660 |
| -- | 173660 |
No hay ítems disponibles.